header

Terrorism and international law (Record no. 69060)

MARC details
000 -LEADER
fixed length control field 01211nam a2200325Ia 4500
245 00 - TITLE STATEMENT
Title Terrorism and international law
260 ## - PUBLICATION, DISTRIBUTION, ETC. (IMPRINT)
Place of publication London ;
-- New York :
Name of publisher Routledge :
-- LSE,
Year of publication 1997.
300 ## - PHYSICAL DESCRIPTION
Number of Pages xiii, 382 p. :
Other physical details ill.
650 #0 - SUBJECT ADDED ENTRY--TOPICAL TERM
Topical Term Terrorism.
Topical Term International law.
700 1# - ADDED ENTRY--PERSONAL NAME
Personal name Higgins, Rosalyn.
Personal name Flory, Maurice.
856 40 - ELECTRONIC LOCATION AND ACCESS
Uniform Resource Identifier http://site.ebrary.com/lib/rucke/Doc?id=10058151

No items available.

© 2026 Rongo University
Contact us: librarian | system librarian | Rongo university